Регионална библиотека "Любен Каравелов" - Русе

Червената шапчица и още две приказки (Запис номер 424240)

MARC детайли
000 -Лидер
Контролно поле с фиксирана дължина 01145nam a2200325 a 4500
003 - Код на организацията, давaща контролен номер
Контролно поле BLK
005 - Дата и час на последна редакция
Контролно поле 20250718133443.0
008 - Елементи от данни с фиксирана дължина
fixed length control field 180409b bul|||||r ||||||| ||bul||
020 ## - Международен стандартен номер на книга ISBN
Международен стандартен номер на книга ISBN 978-832-742-469-3
040 ## - Източник на каталожния запис
Идентификатор на билиотеката - собственик на записа BLK
041 ## - Код за език
Код за езика на текст/звукозапис или на отделно заглавие Български
Код за езика КДБФ Български
080 ## - УДК
Текстов определител УДК Основи на четенето. Методи на обучение в четенето
УДК код - определител по УДК 373.3.016:028.1
УДК - код + определител 373.3.016:028.1
080 ## - УДК
Текстов определител УДК Западноевропейска литература
УДК код - определител по УДК 821
УДК определител -93-34
УДК - код + определител 821-93-34
139 ## - Редно поле
Редна дума Червената шапчица и още две приказки
Авторски знак Червен - Ч 67
245 ## - Сведения за заглавието
Заглавие Червената шапчица и още две приказки
257 ## - Страна на издаване
Страна на създаване/издаване България
260 ## - Област на издателските данни
Място на издаване, разпространение и проч. София
Име на издателя, разпространителя и проч. Ина
Година на издаване 2021
9 (RLIN) 216067
Издателство - префикс ISBN 978-954-9328-
300 ## - Физическа характеристика
Страници 48 с.
Размери/Мащаб 24 см
380 ## - Жанр
Жанр Детска отраслова лит.
490 ## - СЕРИИ (Колекции)
9 (RLIN) 460085
Име на серия Четене на срички
505 ## - Форматирана забележка
Заглавие Трите прасенца
505 ## - Форматирана забележка
Заглавие Лисица сестрица
999 ## - СИСТЕМНИ КОНТРОЛНИ НОМЕРА
Koha biblionumber 424240
Koha biblioitemnumber 424240
942 ## - АРТИКУЛИ
Вид на библиотечния материал Книги
Скрит в OPAC Не
Koha issues (borrowed), all copies 52
Периодичен библиозапис Да
944 ## - СЪЗДАВАНЕ И РЕДАКЦИЯ на ЗАПИСА
Служител, извършил регистрацията/редакцията 30564
Създаване/Редакция Създаване
Дата на регистрацията/редакция 2021-07-19
Статус, дата на статуса Анна Гръцманова
999 ## - СИСТЕМНИ КОНТРОЛНИ НОМЕРА
Koha biblioitemnumber 424240
999 ## - СИСТЕМНИ КОНТРОЛНИ НОМЕРА
Koha biblioitemnumber 424240
999 ## - СИСТЕМНИ КОНТРОЛНИ НОМЕРА
Koha biblioitemnumber 424240
999 ## - СИСТЕМНИ КОНТРОЛНИ НОМЕРА
Koha biblioitemnumber 424240
999 ## - СИСТЕМНИ КОНТРОЛНИ НОМЕРА
Koha biblioitemnumber 424240
Наличности
Код за отписване Код за изгубен артикул Източник на класификационната схема Код за повреда Коз за рестрикции Код за отдаване Артикулен № Име на библиотеката - собственик Име на библиотеката, в която се намира в момента Статус (Текущо местоположение) Дата на вписване в системата Местоположение - отдел Цена в лева Систематично азбучна сигнатура Баркод Цена в евро Служебен тип на артикула
  Не е изгубен Universal Decimal Classification Не е повреден без рестрикции заемане за дома 843785 Регионална библиотека "Любен Каравелов" Русе Регионална библиотека "Любен Каравелов" Русе Детски отдел 2021-07-19 Детски отдел 4.50 373.3.016:028/Ч 67 120000857897 2.30 Книги
  Не е изгубен Universal Decimal Classification Не е повреден без рестрикции заемане за дома 843786 Регионална библиотека "Любен Каравелов" Русе Регионална библиотека "Любен Каравелов" Русе Детски отдел 2021-07-19 Детски отдел 4.50 373.3.016:028/Ч 67 120000857896 2.30 Книги
Vip Innovations Ltd, Rousse, Bulgaria 2025